| 000 | 00473nam a22001697a 4500 | ||
|---|---|---|---|
| 999 |
_c165520 _d165520 |
||
| 005 | 20190620164946.0 | ||
| 010 | _aA-335623 | ||
| 020 | _c14.75 | ||
| 035 | _aA-335623 | ||
| 037 | _bNational Book Trust | ||
| 082 | _a921 | ||
| 100 | _aPaliwal, Om Prakash | ||
| 245 |
_aRameshwari Nehru: _bpatriot and internationalist / _cOm Prakash Paliwal |
||
| 260 |
_aDelhi _bNational Book Trust _c1986 |
||
| 300 |
_a98p. _c22cm (pbk) |
||
| 942 |
_2ddc _cEN _h921 _mPAL |
||